| 000 | 00699cam a22002174a 4500 | ||
|---|---|---|---|
| 020 | _a1565491882 (pbk. : alk. paper) | ||
| 020 | _a1565491890 (cloth : alk. paper) | ||
| 040 | _cDLC | ||
| 082 | 0 | 0 | _a303 KUM 2004 A064 Or. |
| 245 | 0 | 0 |
_aCreating a better world : _binterpreting global civil society / |
| 260 |
_aBloomfield, CT : _bKumarian Press, _c2004. |
||
| 300 |
_axii, 210 p. : _bill. ; _c23 cm. |
||
| 650 | 0 | _aSocial movements. | |
| 650 | 0 | _aCivil society. | |
| 650 | 0 | _aInternational organization. | |
| 650 | 0 | _aNon-governmental organizations. | |
| 650 | 0 | _aGlobalization | |
| 700 | 1 | _aTaylor, Rupert, | |
| 856 | 4 | 1 | _uhttp://www.loc.gov/catdir/toc/ecip0417/2004009896.html |
| 942 | _cEK | ||
| 999 |
_c14081 _d14081 |
||